书目信息 |
| 题名: |
中国现代文学作品选
|
|
| 作者: | ;安徽大学中文系现代文学教研室 | |
| 分册: | 1921-1949 多幕剧选 | |
| 出版信息: | 合肥 安徽大学出版社 1984.7 |
|
| 页数: | 830页 | |
| 开本: | 32开 | |
| 丛书名: | ||
| 单 册: | ||
| 中图分类: | I230.6 | |
| 科图分类: | ||
| 主题词: | 戏剧文学--剧本--中国 | |
| 电子资源: | ||
| ISBN: | ||
| 000 | 00685nam0 2200205 45 | |
| 001 | 0209181512 | |
| 005 | 20031219104057.4 | |
| 010 | @dCNY3.26 | |
| 100 | @a20020918d1984 km y0chiy0120 ea | |
| 101 | 0 | @achi |
| 105 | @a z 000by | |
| 200 | 1 | @a中国现代文学作品选@AZhong Guo Xian Dai Wen Xue Zuo Pin Xuan@h1921-1949@i多幕剧选@f安徽大学中文系现代文学教研室@FAn Hui Da Xue Zhong Wen Xi Xian Dai Wen Xue Jiao Yan Shi |
| 210 | @a合肥@c安徽大学出版社@d1984.7 | |
| 215 | @a830页@d32开 | |
| 517 | @a多幕剧选@ADuo Mu Ju Xuan | |
| 606 | 0 | @a戏剧文学@x剧本@x中国 |
| 690 | @aI230.6@v3 | |
| 711 | 02 | @a安徽大学中文系现代文学教研室 |
| 801 | @aCN@bTSTC@c20020929 | |
| 905 | @dI230.6@e76@f1@b148776 | |
| 中国现代文学作品选.1921-1949.多幕剧选/安徽大学中文系现代文学教研室.-合肥:安徽大学出版社,1984.7 |
| 830页;32开 |
| ISBN :CNY3.26 |
| ● |
| 相关链接 |
|
|
|
|
正题名:中国现代文学作品选
索取号:I230.6/76
 
预约/预借
| 序号 | 登录号 | 条形码 | 馆藏地/架位号 | 状态 | 备注 |
| 1 | 0148776 | 000779580 | 密集书库/ [索取号:I230.6/76] | 在馆 | |
| 2 | 0148782 | 000779571 | 密集书库/ [索取号:I230.6/76] | 在馆 |